Statistics for Smallest & Least in Europe

Click here to take the quiz!

General Stats

  • This quiz has been taken 117 times
    (26 since last reset)
  • The average score is 23 of 27

Answer Stats

Answer % Correct
Vatican
100%
San Marino
100%
Monaco
96%
Liechtenstein
96%
Iceland
96%
Bulgaria
96%
Andorra
96%
Sweden
92%
Finland
92%
Russia
92%
Romania
92%
Malta
92%
Norway
88%
Moldova
88%
Bosnia and Herzegovina
88%
Ukraine
85%
Belarus
81%
Albania
77%
North Macedonia
77%
Luxembourg
77%
Serbia
77%
Estonia
65%
Andorra la Vella
54%
Vaduz
50%
Valletta
46%

Score Distribution

Percentile by Number Answered

Percent of People with Each Score

Your Score History

You have not taken this quiz since the last reset